=LDR 00000nam 2200000 4500 =001 INLIS000000000001711 =005 20130612090117 =008 ***********************************Ind** =035 ##$$0010-061300000001711 =041 ##$$a Ind =082 ##$$a 519.502 409 2 =090 ##$$a 519.502 409 2, Sin s =100 ##$$a Simpson,IS =245 ##$$a Statistika dasar untuk pustakawan, IS Simpson =260 ##$$a 1995 $b Bandung =300 ##$$a 237 hlm, ilus, 21 cm =650 ##$$a Ilmu Perpustakaan-Metode Statistik =850 ##$$a NBPNMAT =990 ##$$a 21602486/BPAP-NTB/2017